BIBLIOTHÈQUE DE LA MAISON DU MEXIQUE

Logo 1 Logo 2

...Y venimos a contradecir (notice nᵒ 6423)

détails MARC
000 -Sello discográfico
campo de control de longitud fija 01043nam a2200289 4500
005 - Identificación de versión
campo de control 20251016084645.0
099 ## - fechas locales
Tipo de ítem Koha LIBRO
100 ## - Datos de procesamiento general
Datos de procesamiento general 20230306d1976 m y1spay5003 ba
105 ## - Campo de datos codificados: Material textual, monográfico
Datos codificados de monografía y 001zy
200 1# - Título y mención de responsabilidad
Título propio ...Y venimos a contradecir
Designación general del material texto impreso
Otra información del título los campesinos de Morelos y el estado nacional
Primer mención de responsabilidad Arturo Warman
205 ## - Declaración de edición
Declaración de edición 1a ed
210 ## - Publicación, distribución, etc.
Lugar de publicación, distribución, etc. México
Nombre del editor, distribuidor, etc. Centro de Investigaciones Superiores
-- Instituto Nacional de Antropología e Historia
-- Ediciones de la Casa Chata
Fecha de publicación, distribución, etc. 1976
215 ## - Descripción física
Designación de material específico y extensión del ítem 351 p
Dimensiones 21 cm
345 ## - Nota de información de adquisición
Fuente de adquisición/dirección de la suscripción [OBSOLETO] Donación Marie-Noëlle Chamoux
410 #1 - Series
Título Ediciones de la Casa Chata
Número de volumen 2
606 ## - Término temático usado como materia
Elemento de entrada Trabajadores agrícolas
Subdivisión geográfica Morelos (México)
Número Koha 12240
607 ## - Nombre geográfico utilizado como tema
Elemento de entrada Morelos (México)
Subdivisión temática Condiciones rurales
Número Koha 12241
660 ## - Código de área geográfica
Código MX
700 ## - Nombre personal - Responsabilidad primaria
Elemento de entrada Warman Gryj
Parte del nombre distinta del elemento de entrada Arturo
Fechas 1937-2003
Número Koha 1980
801 #0 - Fuente de origen
País FR
Agencia cm
Reglas de catalogación (convenciones descriptivas) AFNOR
900 ## -
-- 1/21997
900 ## -
-- 7100417642\080104
942 ## - ELEMENTOS DE ENTRADA SECUNDARIOS (KOHA)
Tipo de ítem Koha Livre
996 ## -
-- MEX
-- 751145101
-- MMAG
-- 007603
-- 331.76 W276YV
-- 20230306LIV
Exemplaires
Estatus retirado Estado de daño Estado de pérdida Fecha de adquisición Biblioteca de origen Biblioteca actual Ubicación en estantería Código de barras Precio de reemplazo Signatura topográfica completa No para préstamo Tipo de ítem Koha Nota pública Nota no pública
      05/08/2025 Casa México Paris Casa México Paris   007603 05/08/2025 331.76 W276YV   Livre 20230306LIV 751145101